History Quiz

Random History or NFL Quiz

The Last Time... (Super Bowl Edition) Quiz Stats

 Plays Quiz Updated Feb 1, 2019

Also try: Alive to See It?
Challenge
Share
Tweet
Embed
Score 0/28 Timer 06:00
0 Plays Today
The Last Time... Answer % Correct
... the Minnesota Vikings played in the Super Bowl, this computer company had just been founded.Apple
78.1%
... the Arizona Cardinals played in the Super Bowl, this man had just become President of the United States.Barack Obama
77.4%
... the NY Giants played in the Super Bowl, this Queen was marking her diamond jubilee.Queen Elizabeth II
74.6%
... the Baltimore Ravens played in the Super Bowl, a meteor would explode over Chelyabinsk in this country.Russia
71.3%
... the Chicago Bears played in the Super Bowl, Steve Jobs had just announced the sale of this product.iPhone
63.7%
... the Seattle Seahawks played in the Super Bowl, this team won the 1st College Football Playoff National Championship.Ohio State
63%
... the Atlanta Falcons played in the Super Bowl, this Star Wars movie had just passed the billion dollar mark.Rogue One
60.8%
... the San Francisco 49ers played in the Super Bowl, NYC was cleaning up from this Superstorm.Sandy
59.8%
... the Kansas City Chiefs played in the Super Bowl, this singer performed her last concert with the Supremes.Diana Ross
59.4%
... the Buffalo Bills played in the Super Bowl, this had just been signed by Canada, Mexico and the U.S.NAFTA
58.3%
... the New England Patriots played in the Super Bowl, this actor had won a SAG award for Bohemian Rhapsody.Rami Malek
58.2%
... the Washington Redskins played in the Super Bowl, this man had just vomited on the Prime Minister of Japan.George H.W. Bush
57.9%
... the Miami Dolphins played in the Super Bowl, this charity song was about to be recorded.We Are the World
57.7%
... the Indianapolis Colts played in the Super Bowl, this country had just been devastated by an earthquake.Haiti
54.4%
The Last Time... Answer % Correct
... the Tennessee Titans played in the Super Bowl, this iconic comic was about to publish its last strip.Peanuts
53.3%
... the Cincinnati Bengals played in the Super Bowl, this Japanese Emperor had just died.Hirohito
51.8%
... the Oakland Raiders played in the Super Bowl, this U.S. Cabinet department had just been formed.Homeland Security
48.5%
... the Green Bay Packers played in the Super Bowl, this newest country had just voted on independence.South Sudan
45.9%
... the Rams played in the Super Bowl, this British PM had just beat a no confidence vote over a failed Brexit plan.Teresa May
45.4%
... the Tampa Bay Buccaneers played in the Super Bowl, this Space Shuttle was on its ill-fated final flight.Columbia
42.4%
... the Denver Broncos played in the Super Bowl, the WHO announced an outbreak of this virus.Zika Virus
41.8%
... the Carolina Panthers played in the Super Bowl, this website was celebrating its 12th anniversary.Facebook
41.7%
... the Los Angeles Chargers played in the Super Bowl, this Star Trek series had just premiered.Voyager
35.4%
... the Pittsburgh Steelers played in the Super Bowl, these revolutions and demonstrations had just begun.The Arab Spring
35%
... the Dallas Cowboys played in the Super Bowl, Hillary Clinton was testifying before a grand jury in this scandal.Whitewater
33.6%
... the New Orleans Saints played in the Super Bowl, this building, tallest in the world, opened in Dubai.Burj Khalifa
29.2%
... the New York Jets played in the Super Bowl, this English rock group released its eponymous first album.Led Zeppelin
28.3%
... the Philadelphia Eagles played in the Super Bowl, this city was getting ready to host the Winter Olympics.Pyeongchang
23.7%

You're not logged in!

Compare scores with friends on all Sporcle quizzes.
OR
Log In

You Might Also Like...

Show Comments

Extras

Top Quizzes Today


Score Distribution

Your Account Isn't Verified!

In order to create a playlist on Sporcle, you need to verify the email address you used during registration. Go to your Sporcle Settings to finish the process.

Report this User

Report this user for behavior that violates our Community Guidelines.

Details: